<?xml version="1.0" encoding="UTF-8"?>
<record
    xmlns:xsi="http://www.w3.org/2001/XMLSchema-instance"
    xsi:schemaLocation="http://www.loc.gov/MARC21/slim http://www.loc.gov/standards/marcxml/schema/MARC21slim.xsd"
    xmlns="http://www.loc.gov/MARC21/slim">

  <leader>01887njm a2200301Ia 4500</leader>
  <controlfield tag="001">G8707</controlfield>
  <controlfield tag="003">IT-RoPAU</controlfield>
  <controlfield tag="005">20220918181140.0</controlfield>
  <controlfield tag="008">131025s9999    xx            000 0 und d</controlfield>
  <datafield tag="040" ind1=" " ind2=" ">
    <subfield code="a">IT-RoPAU</subfield>
  </datafield>
  <datafield tag="040" ind1=" " ind2=" ">
    <subfield code="c">IT-RoPAU</subfield>
  </datafield>
  <datafield tag="041" ind1=" " ind2=" ">
    <subfield code="a">ITALIANO</subfield>
  </datafield>
  <datafield tag="999" ind1=" " ind2=" ">
    <subfield code="c">101166</subfield>
    <subfield code="d">101166</subfield>
  </datafield>
  <datafield tag="999" ind1=" " ind2=" ">
    <subfield code="b">n.d.</subfield>
  </datafield>
  <datafield tag="100" ind1=" " ind2=" ">
    <subfield code="a">Frisina Marco</subfield>
    <subfield code="9">33115</subfield>
  </datafield>
  <datafield tag="100" ind1=" " ind2=" ">
    <subfield code="e">Autore musica</subfield>
    <subfield code="9">33116</subfield>
  </datafield>
  <datafield tag="100" ind1=" " ind2=" ">
    <subfield code="g">Codice autore musica SPICS: 38406</subfield>
    <subfield code="9">33117</subfield>
  </datafield>
  <datafield tag="245" ind1=" " ind2=" ">
    <subfield code="a">Joy To the World</subfield>
  </datafield>
  <datafield tag="250" ind1=" " ind2=" ">
    <subfield code="a">1a ed.</subfield>
  </datafield>
  <datafield tag="260" ind1=" " ind2=" ">
    <subfield code="a">MILANO</subfield>
  </datafield>
  <datafield tag="260" ind1=" " ind2=" ">
    <subfield code="b">MULTIMEDIA SAN PAOLO</subfield>
    <subfield code="c">2001 [1a Ed.:2001 - Ed. Lingua Orig.: 2001]</subfield>
  </datafield>
  <datafield tag="300" ind1=" " ind2=" ">
    <subfield code="a">SPARTITO MUSICALE</subfield>
  </datafield>
  <datafield tag="300" ind1=" " ind2=" ">
    <subfield code="c"> (Testo: 80 pag.)</subfield>
  </datafield>
  <datafield tag="500" ind1=" " ind2=" ">
    <subfield code="a">Testi e spartiti musicali di 13 brani religiosi a cura di Marco Frisina. Ascoltare omonimi cassetta (Codice G8705) e cd (Codice G8706).</subfield>
  </datafield>
  <datafield tag="505" ind1=" " ind2=" ">
    <subfield code="a">Puer Natus (gregoriano, solo testo) - Joy To the World (tradizionale, attribuito a G.F. Haendel, elab. partitura musicale di M. Frisina) - Magnificat (testo liturgico, musica di M. Frisina) - What Child Is This (tradizionale melodia inglese XVII secolo, elab. M. Frisina) - Nada te turbe (testo ispirato a S. Teresa d'Avila, musica M. Frisina) - Gloria in cielo (testo XIV secolo, elab. M. Frisina) - Minuit Chretien (testo e musica di A.C. Adam, elab. M. Frisina) - Have Yourself A Mery Little Christmas (testo e musica di H. Martin e R. Blane, elab. M. Frisina) - Wachet Auf (testo biblico, musica J.S. Bach, elab. M. Frisina) - El cant dels ocells (testo e melodia catalana, elab. M. Frisina) - White Christmas (testo e musica di I. Berlin, elab. M. Frisina) - O santissima (melodia siciliana, elab. M. Frisina) - Ave Maris Stella (testo liturgico, musica strumentale M. Frisina).

</subfield>
  </datafield>
  <datafield tag="650" ind1=" " ind2=" ">
    <subfield code="a">RELIGIOSO [SPARTITI MUSICALI]</subfield>
    <subfield code="e">Codice MATERIA SPICS: 9953</subfield>
    <subfield code="9">33118</subfield>
  </datafield>
  <datafield tag="700" ind1=" " ind2=" ">
    <subfield code="a">AA.VV.</subfield>
    <subfield code="e">Autore testo e musica</subfield>
    <subfield code="g">Codice autore testo/musica SPICS: 12000</subfield>
    <subfield code="9">33119</subfield>
  </datafield>
  <datafield tag="942" ind1=" " ind2=" ">
    <subfield code="c">MS</subfield>
    <subfield code="2">ddc</subfield>
  </datafield>
  <datafield tag="952" ind1=" " ind2=" ">
    <subfield code="0">0</subfield>
    <subfield code="1">0</subfield>
    <subfield code="4">0</subfield>
    <subfield code="6">G_8707_000000000000000</subfield>
    <subfield code="7">1</subfield>
    <subfield code="a">SPICS</subfield>
    <subfield code="b">SPICS</subfield>
    <subfield code="d">2013-10-25</subfield>
    <subfield code="l">0</subfield>
    <subfield code="o">G8707</subfield>
    <subfield code="r">2013-10-25 00:00:00</subfield>
    <subfield code="w">2013-10-25</subfield>
    <subfield code="y">MS</subfield>
    <subfield code="z">Progr. Ins.: 22919 / N.Vol.: 1 / Copie: 1 - Copia rara: n.d. / date import: 01.01.2014 - By Epidotti, Trombetti, Vaglietti</subfield>
  </datafield>
</record>
